00444nam a2200157Ia 4500008004100000100002000041245002900061245001900090260002500109260000900134300002900143440006800172650002000240650001700260650000900277200115s9999 xx 000 0 und d aBuchanan, Kathy aNever too young to care/ cKathy Buchanan bReader's Digest Asia c2019 aPages 36-37, August 2019 aAsia Reader's Digest: Acts of Kindness Everyone can dov116:678 ahomeless people ahomelessness alove